Movies Quiz

Random Movies or Quote Quiz

Epic Comedy Movie Quotes Quiz Stats

 Plays Quiz not verified by Sporcle

Score 0/20 Timer 06:00
0 Plays Today
Movie % Correct
The Hangover
71.9%
Happy Gilmore
62.8%
Superbad
62%
Step Brothers
60.9%
Wedding Crashers
59.3%
Billy Madison
51.8%
Elf
49.1%
Old School
40.3%
Anchorman
37.4%
Dumb and Dumber
36.6%
Movie % Correct
Super Troopers
34.8%
Caddyshack
33.4%
Beerfest
28.8%
Baby Mama
19.2%
Joe Dirt
18.9%
Robin Hood: Men in Tights
15.9%
Half Baked
9.4%
Major Payne
8%
The Pest
1.8%
Booty Call
0.8%

You're not logged in!

Compare scores with friends on all Sporcle quizzes.
OR
Log In

Sporcle TV

Today on Sporcle TV


Watch our educational content, quiz creation guides, and fun videos on Sporcle TV.

Show Comments

Extras

Created Dec 29, 2009SourceReportNominate
Tags:Quote Quiz, comedy, epic

Top Quizzes Today


Score Distribution

Your Account Isn't Verified!

In order to create a playlist on Sporcle, you need to verify the email address you used during registration. Go to your Sporcle Settings to finish the process.

Report this User

Report this user for behavior that violates our Community Guidelines.

Details: